000 00809nam a22002657a 4500
003 CHAP
005 20220329134058.0
008 971013s1977 r 00010 d
010 _a15110
011 _a16082
035 _a20160
040 _cCHAP
090 _aFolleto 8045
100 0 0 _aGrasselly, Charles.
_950456
245 _aVarietes d'amandier
260 _aParis :
_bInstitut National de Vulgarisation pour les Fruits, Legumes et Champignons,
_c1977
300 _a31 p.
_b: ilus
590 _aBATCH-UPD
_b10
_c20130110
_lUCH01
_h0006
590 _aBATCH-UPD
_b10
_c20130110
_lUCH01
_h2326
590 _aCONVERSION
_b10
_c20130109
_lUCH01
_h1310
650 1 4 _aAlmendro
_xVariedades.
_94534
901 _aBK
942 _cFOLL
949 _aFolleto 8045
_bBC
_cFOLL
_d-47080
_eTS1
_i20160
_mDirecto
_si
_t170.37
999 _c15110
_d15110